Introducción a la teoría general de la administración (Registro nro. 25876)

Detalles MARC
000 -CABECERA
Longitud fija campo de control 00968nam a22002537a 4500
003 - IDENTIFICADOR DELl NÚMERO DE CONTROL
Identificador del número de control OSt
005 - FECHA Y HORA DE LA ÚLTIMA TRANSACCIÓN
Fecha y hora de la última transacción 20160916112142.0
008 - CÓDIGOS DE INFORMACIÓN DE LONGITUD FIJA
Códigos de información de longitud fija 160916b xxu||||| |||| 00| 0 eng d
020 ## - NÚMERO INTERNACIONAL NORMALIZADO PARA LIBROS
Número Internacional Normalizado para Libros (ISBN) 970-10-5500-4
040 ## - FUENTE DE LA CATALOGACIÓN
Centro transcriptor CRI
082 ## - NÚMERO DE LA CLASIFICACIÓN DECIMAL DEWEY
Númeroo de clasificación 658.04
100 10 - PUNTO DE ACCESO PRINCIPAL-NOMBRE DE PERSONA
9 (RLIN) 8388
Nombre de persona Chiavenato, Idalberto
245 ## - MENCIÓN DE TÍTULO
Título Introducción a la teoría general de la administración
Mención de responsabilidad, etc. Idalberto Chiavenato; Traduccion: Carmen Leonor de la Fuente Chávez, Elizabeth Lidia Montaño Serrano; Revisión Técnica: Maestro Andrés Moreno Acuña
250 ## - MENCIÓN DE EDICIÓN
Mención de edición 7a. ed.
260 ## - PUBLICACIÓN, DISTRIBUCIÓN, ETC. (PIE DE IMPRENTA)
Lugar de publicación, distribución, etc. Mexico [etc.]
Nombre del editor, distribuidor, etc. McGraw Hill
Fecha de publicación, distribución, etc. 2006
300 ## - DESCRIPCIÓN FÍSICA
Extensión 562 p.
Otras características físicas graf.
Dimensiones 26 cm.
490 ## - MENCIÓN DE SERIE
Mención de serie McGraw Hill
546 ## - NOTA DE LENGUA
Nota de lengua Carmen Leonor de la Fuente Chávez; Elizabeth Lidia Montaño Serrano
650 #0 - PUNTO DE ACCESO ADICIONAL DE MATERIA - TÉRMINO DE MATERIA
9 (RLIN) 3341
Término de materia o nombre geográfico como elemento inicial Gestión de empresas
700 1# - PUNTO DE ACCESO ADICIONAL - NOMBRE DE PERSONA
9 (RLIN) 39671
Nombre de persona de la Fuente Chávez, Carmen Leonor
700 1# - PUNTO DE ACCESO ADICIONAL - NOMBRE DE PERSONA
9 (RLIN) 39673
Nombre de persona Montaño Serrano, Elizabeth Lidia
700 1# - PUNTO DE ACCESO ADICIONAL - NOMBRE DE PERSONA
9 (RLIN) 39672
Nombre de persona Moreno Acuña, Andrés
942 ## - ENTRADA DE ELEMENTOS AGREGADOS (KOHA)
Fuente de clasificaión o esquema Dewey Decimal Classification
Koha [por defecto] tipo de item 1- Monografias
Parte de clasificación prozim
Existencias
Suprimido Perdido Fuente de clasificación o esquema Estropeado Restricciones de uso No para préstamo Código de colección Localización permanente Localización actual Localización en estanter&íacute;as Fecha adquisición Fuente de adquisición Número de inventario Préstamos totales Signatura completa Código de barras Fecha última consulta Fecha último préstamo Fecha del precio de reemplazo Tipo de item de Koha
NULL NULL Dewey Decimal Classification NULL Prestable NULL NULL Biblioteca Centro Regional de Ilobasco Biblioteca Centro Regional de Ilobasco Sala Principal 16/08/2011 CRI LI001574 1 658.04 CHI int 1038036 10/03/2026 10/03/2026 16/09/2016 1- Monografias
NULL NULL Dewey Decimal Classification NULL Prestable NULL NULL Biblioteca Centro Regional de Ilobasco Biblioteca Centro Regional de Ilobasco Sala Principal 16/08/2010 CRI LI001575 2 658.04 CHI int 1038037 12/03/2026 10/03/2026 16/09/2016 1- Monografias